000 00379nam a2200145Ia 4500
005 20240610025312.0
008 240331s9999 xx 000 0 und d
082 _a301
_bWAR
100 _aMedoves,D.M. ed
245 0 _aWardanaye seema :
_b minis sanhathiyeiranama
260 _aColombo
_bMarga Ayathanaya
_c1975
300 _axxi,169 p.,
650 _asanwardhanaya
942 _cL
999 _c1050
_d1050